00817 a2200181 45000010006000000050017000060080041000230030015000640400040000790800159001192450057002782640027003353000019003625050210003810410008005911000015005997000021006146336520260407155931.0260407a1950 arg spa dAR-UNSa-BCEJYS aAR-UNSa-BCEJYSbspacAR-UNSa-BCEJYS a517.9xEcuaciones diferenciales. Ecuaciones integrales. Otras ecuaciones funcionales. Diferencias finitas. Cálculo de variaciones. Análisis funcional 10aIntegración de ecuaciones diferenciales ordinarias 1aMadrid :bDossatc1950 a154 p.c22 cm. a1. Ecuaciones de primer orden y de primer grado - 2. Curvas integrales - 3. Ecuaciones de grado superior - 4. Ecuaciones de segundo orden - 5. Ecuaciones lineales - 6. Soluciones por desarrollo en serie -  aspa1 aInce, E.L.1 aBravo Gala, Luis